1139 1381 1460 1163 1693 1979 1681 1890 1826 1611 1945 1039 1522 1956 1538 1085 1692 1429 1648 1000 1976 1181 1975 1309 1009 1888 1223 1127 1045 1537 1162 1260 1087 1005 1280 1074 1986 1913 1326 1761 1141 1290 1575 1109 1502 1203 1268 1518 1151 1089 1530 1688 1420 1476 1823 1082 1885 1329 1791 1079 1085 1956 1746 1708 1997 1329 1962 1041 1618 1127 1754 1405 1583 1098 1172 1665 1461 1611 1093 1103 1116 1617 1450 1459 1176 1509 1798 1569 1648 1753 1846 1078 1038 1513 1007 1222 1047 1201 1499 BCNSPRNW ULIB Ver.6.0+V

เปลี่ยนเป็นภาษาไทย

Change to English
 แสดงรายละเอียดบรรณานุกรม
  กลับหน้าหลัก

Brief Record : Get Marc (ISO 2709) : E-mail record : QR code < ปิดหน้าต่าง
LEADER : 00000nas 2200000uu 4500
001    13399128562
003     ULIB
008    230907s2566||||th 000 0 tha d
022 0  ^a08583080
110 1  ^aวารสารเกื้อการุณย์
245 00 ^aวารสารเกื้อการุณย์/^Cคณะพยาบาลศาสตร์เกื้อการุณย์ มหาวิทยาลัยนวมินทราธิราช
260    ^aกรุงเทพฯ :^bคณะพยาบาลศาสตร์เกื้อการุณย์ มหาวิทยาลัยนวมินทราธิราช ,^c2566
310    ^aรายสองเดือน
850 ^a ULIB^bปีที 30 ฉบับที่ 1 ฉ.1 ;ปีที 26 ฉบับที่ 1 ฉ.1 ;ปีที 30 ฉบับที่ 1 ฉ.1 ;ปีที 30 ฉบับที่ 2 ฉ.1 ;ปีที 31 ฉบับที่ 1 ฉ.1 ;ปีที 31 ฉบับที่ 2 ฉ.1
945    ^p0^l0^i906179
945    ^p0^l0^i906225
945    ^p0^l0^i906226
945    ^p0^l0^i906250
945    ^p0^l0^i906335
945    ^p0^l0^i906393
999    ^aประนอม เกษจรัล
รายการนี้ยังไม่มีแท็ก
คุณยังไม่ได้ล็อกอิน คุณสามารถมีกิจกรรมร่วมกับเว็บไซต์ได้ แต่ต้องล็อกอินก่อน ::
  ล็อกอิน

รายการสื่อสารสนเทศ (วารสาร)

ดูแบบ: กล่อง รายการ
ARRIVED
ปีที 26 ฉบับที่ 1 ฉ.1
สถานที่: ห้องสมุดวิทยาเขตสวรรค์ประชารักษ์ >วารสาร
ARRIVED
ปีที 30 ฉบับที่ 1 ฉ.1
สถานที่: ห้องสมุดวิทยาเขตสวรรค์ประชารักษ์ >วารสาร
ARRIVED
ปีที 30 ฉบับที่ 2 ฉ.1
สถานที่: ห้องสมุดวิทยาเขตสวรรค์ประชารักษ์ >วารสาร
ARRIVED
ปีที 31 ฉบับที่ 1 ฉ.1
สถานที่: ห้องสมุดวิทยาเขตสวรรค์ประชารักษ์ >วารสาร
ARRIVED
ปีที 31 ฉบับที่ 2 ฉ.1
สถานที่: ห้องสมุดวิทยาเขตสวรรค์ประชารักษ์ >วารสาร

BibComment


ยังไม่เคยถูกคอมเมนท์

คอมเมนท์ทรัพยากรรายการนี้
  คอมเมนท์: วารสารเกื้อการุณ..


 Copyright 2026. Bcnsprnw @Library